Liste der Studentenverbindungen des Cartellverbands (CV) - Statistiken

Allgemein
  • Dieses Quiz wurde 28 mal gespielt
    23 seit der letzten Aktualisierung
  • Das Durchschnittsergebnis liegt bei 52 aus 130
Antwortstatistiken
Nr. Verbindung % Korrekt
D21 Rheno-Guestfalia Kiel
100%
D113 Adolphiana Fulda
50%
D1 Aenania München
50%
D92 Agilolfia Freising
50%
D51 Alania Bonn
50%
D25 Alania Stuttgart
50%
D100 Alcimonia Eichstätt
50%
D17 Alemannia Greifswald / Münster
50%
D103 Algovia Augsburg
50%
D38 Alsatia Münster
50%
D15 Arminia Heidelberg
50%
D121 Aureo-Danubia Ingolstadt
50%
D13 Badenia (Straßburg) Frankfurt am Main
50%
D39 Baltia (Danzig) Aachen
50%
D56 Bavaria Berlin
50%
D4 Bavaria Bonn
50%
D110 Bergisch-Thuringia Wuppertal
50%
D76 Bergland (Freiberg) Aachen
50%
D109 Bodensee Konstanz
50%
D26 Borusso-Saxonia Berlin
50%
D10 Burgundia (Leipzig) Düsseldorf
50%
D115 Capitolina Rom
50%
D98 Carolus Magnus Saarbrücken
50%
D59 Cheruskia Tübingen
50%
D83 Churpfalz Mannheim
50%
D117 Chursachsen Dresden
50%
D101 Churtrier Trier
50%
A-ii Edo-Rhenania Tokio
50%
D79 Elbmark (Tetschen-Liebwerd) Duisburg
50%
D61 Falkenstein Freiburg im Breisgau
50%
D19 Ferdinandea (Prag) Heidelberg
50%
D23 Franconia Aachen
50%
D89 Franco-Raetia Würzburg
50%
D52 Frankonia (Czernowitz) Erlangen
50%
D91 Fredericia Bamberg
50%
D35 Frisia Hannover
50%
D116 Germania Leipzig
50%
D70 Glückauf-Salia Clausthal-Zellerfeld
50%
D18 Gothia Erlangen
50%
D43 Gothia Würzburg
50%
D80 Greiffenstein (Breslau) Frankfurt am Main
50%
D3 Guestfalia Tübingen
50%
D29 Hansea (Berlin) Köln
50%
D62 Hasso-Nassovia Frankfurt am Main
50%
D11 Hasso-Rhenania Gießen
50%
D94 Hasso-Rhenania Mainz
50%
D7 Hercynia Freiburg im Breisgau
50%
D67 Kaiserpfalz Aachen
50%
D37 Langobardia Bayreuth
50%
A-i Lovania Löwen
50%
D5 Markomannia Würzburg
50%
D106 Merowingia Kaiserslautern
50%
D46 Moenania München
50%
D99 Moeno-Franconia Frankfurt am Main
50%
D33 Nassovia Darmstadt
50%
D74 Nibelungia (Brünn) Darmstadt
50%
D66 Niedersachsen Braunschweig
50%
D119 Norbertina Magdeburg
50%
D77 Nordgau (Prag) Koblenz
50%
D55 Novesia Bonn
50%
D111 Oeno-Danubia Passau
50%
D87 Ostmark Nürnberg
50%
D14 Palatia Göttingen
50%
D58 Palatia Marburg
50%
D123 Palatina Amberg/Weiden
50%
A-iv Pontana Regensburg
50%
D41 Rappoltstein (Straßburg) Köln
50%
D82 Rheinstein Köln
50%
D9 Rhenania Marburg
50%
D95 Rhenania-Moguntia Mainz
50%
D24 Rheno-Franconia München
50%
A-iii Rheno-Fua-Ndem
50%
D86 Rheno-Guestfalia (Hann. Münden) Göttingen
50%
D42 Ripuaria Bonn
50%
D93 Rupertia Regensburg
50%
D102 Saarland (Saarbrücken) Jena
50%
D120 Salia-Silesia Gleiwitz/Oppeln
50%
D54 Sauerlandia Münster
50%
D6 Saxonia Münster
50%
D73 Schwarzwald Karlsruhe
50%
D125 Seraphina Lippstadt
50%
D12 Silesia (Halle) Bochum
50%
D112 Sparrenberg Bielefeld
50%
D44 Staufia Bonn
50%
D107 Suebo-Danubia Ulm
50%
D8 Suevia Berlin
50%
D36 Sugambria (Jena) Göttingen
50%
D16 Teutonia Freiburg im Üechtland
50%
D71 Teuto-Rhenania Hannover
50%
D124 Thuringia Coburg
50%
D34 Thuringia Würzburg
50%
D75 Trifels München
50%
D22 Tuisconia (Königsberg) Landshut
50%
D57 Tuiskonia München
50%
D40 Vandalia (Prag) München
50%
D20 Vindelicia München
50%
D122 Visurgis Bremen
50%
D105 Welfia Weingarten
50%
D108 Widukind Osnabrück
50%
D64 Wiking Hamburg
50%
D2 Winfridia (Breslau) Münster
50%
D31 Zollern Münster
50%
D96 Angrivaria (Sarstedt) Dortmund
0%
D50 Arminia Freiburg im Breisgau
0%
D69 Ascania Bonn
0%
D65 Asgard Köln
0%
D85 Borusso-Westfalia Bonn
0%
D47 Burgundia München
0%
D78 Carolingia Hohenheim
0%
D30 Cheruscia Münster
0%
D60 Cheruscia Würzburg
0%
D97 Guestfalo-Silesia Paderborn
0%
D45 Hohenstaufen Freiburg im Breisgau
0%
D49 Makaria (Berlin) Aachen
0%
D53 Marchia (Breslau) Aachen
0%
D88 Nordmark (Rostock) Essen
0%
D32 Normannia Karlsruhe
0%
D90 Radaspona (Regensburg) München
0%
D63 Rheinland Köln
0%
D72 Rheinpfalz Darmstadt
0%
D84 Rheno-Baltia Köln
0%
D126 Rheno-Nassovia Siegen
0%
D28 Rheno-Palatia (Breslau) Mainz
0%
D118 Rheno-Saxonia (Köthen) Halle
0%
D114 Ripuaria Aachen
0%
D27 Ripuaria Freiburg im Breisgau
0%
D48 Saxo-Silesia Hannover
0%
D68 Saxo-Thuringia (Dresden) Bochum
0%
D104 Vasgovia Landau
0%
D81 Wildenstein Freiburg im Breisgau
0%
Keine übereinstimmenden Quizze gefunden
Verteilung der Resultate
Anzahl Personen mit jedem Resultat
Perzentil nach korrekt beantworteten Fragen
Ihre Resultats-Entwicklung
Sie haben dieses Quiz seit der letzten Aktualisierung nicht gespielt